000 00316nam a22001337a 4500
008 181204b xxu||||| |||| 00| 0 eng d
020 _a9780918949158
041 _aeng
080 _a316
100 _a50
101 _aSOC
245 _aWhen i Ama An Old Woman Ishail Wear Purple
_cSandra.m
942 _2udc
_cBK
999 _c52756
_d52756